000 01029nas a2200241 i 4500
001 168903
003 ES-MaACL
005 20250802062539.0
008 080623d18321833sp |y | ||pa d
080 _a82
100 1 _aLarra, Mariano José de,
_d1809-1837
_970287
245 1 3 _aEl Pobrecito hablador
_b: revista satírica de costumbres /
_cpor el bachiller D. Juan Pérez de Mungía [i.e. Munguía].
246 1 _aMuerte del Pobrecito hablador
_fn. 14 (marzo 1833)
260 _aMadrid :
_b[s.n.],
_c1832-1833 (
_fImp. de Repullés)
300 _a1 vol. (pág. var.) ;
_c15 cm.
362 0 _aN. 1 (ag. 1832)-n. 14 (marzo 1833)
530 _aDisponible en formato digital.
594 _aEl Bachiller Juan Pérez de Munguía es seudónimo de Mariano José de Larra.
650 7 _aLiteratura
_2embne
_9141583
852 _aES-MaACL
_jR-1941(1)
_z- Enc. en vol. facticio
_z. - Donativo Roda
856 _uhttp://hemerotecadigital.bne.es/details.vm?o=&w=1889-1888&f=issn&l=500
_zHemeroteca Digital
999 _c168903
_d168903